000 00425nam a2200181Ia 4500
008 210210b1928 xxu||||| |||| 00| 0 eng d
041 _aeng
082 _a590/25
100 _aBORRADAILE (L A)
245 _aManual of elementary zoology
260 _aLondon
_bOxford University Press
_c1928
650 _azoology
650 _aof
650 _aManual
650 _aelementary
690 _aZoology
906 _a010602
999 _c138370
_d138370